Personnages Disney - Mort Subite #1 - Statistiques

Statistiques générales
  • Ce quiz a été pris 47 fois
  • Le résultat moyen est 7 sur 20
Answers on the Grid
Answers color-coded by a green-red scale on the quiz's grid according to % correct below.
Marty
Martin
Bux Bunny
Frère Jean
Jasmine
Paul
Ariel
Marie
L’Âne
Elsa
Fiona
Javotte
Dory
Prefna
Duchesse
Shrek
Po
Sally
Tigresse
Bob
Svenn
Miranda
Lucifer
Truc
Muche
Ismaël
Jimny Cricket
Lady
Dingo
Judy
 
Statistiques - réponses
Réponse % Correct
Ariel
79%
Jasmine
79%
Elsa
76%
Frère Jean
45%
Svenn
45%
Dingo
39%
Duchesse
36%
Javotte
36%
Dory
33%
Jimny Cricket
33%
Marie
33%
Martin
33%
Lady
27%
Sally
24%
Bob
18%
Judy
18%
Lucifer
15%
Muche
15%
Miranda
12%
Truc
9%
Aucun quiz correspondant
Distribution des résultats
% des personnes avec chaque résultat
Percentile par nombre de réponses
Votre historique - résultats
Vous n’avez pas pris ce quiz